Sports Quiz

Random Sports or Football Quiz

Clubs of World Cup runners-up : Italy 1994 Quiz Stats

 Plays Quiz not verified by Sporcle

Score 0/112 Timer 10:00
0 Plays Today
Hint Answer % Correct
1. Gianluca PagliucaInternazionale
100%
10. Roberto BaggioInternazionale
100%
13. Dino BaggioInternazionale
100%
14. Nicola BertiInternazionale
100%
4. Alessandro CostacurtaAC Milan
99.6%
4. Alessandro CostacurtaAC Milan
99.6%
5. Paolo MaldiniAC Milan
99.6%
6. Franco BaresiAC Milan
99.6%
8. Roberto MussiAC Milan
99.6%
9. Mauro TassottiAC Milan
99.6%
10. Roberto BaggioJuventus
99.6%
10. Roberto BaggioAC Milan
99.6%
11. Demetrio AlbertiniAC Milan
99.6%
11. Demetrio AlbertiniAC Milan
99.6%
13. Dino BaggioJuventus
99.6%
15. Antonio ConteJuventus
99.6%
16. Roberto DonadoniAC Milan
99.6%
16. Roberto DonadoniAC Milan
99.6%
17. Alberigo EvaniAC Milan
99.6%
18. Pierluigi CasiraghiJuventus
99.6%
19. Daniele MassaroAC Milan
99.6%
19. Daniele MassaroAC Milan
99.6%
9. Mauro TassottiSS Lazio
98.4%
11. Demetrio AlbertiniSS Lazio
98.4%
12. Luca MarchegianiSS Lazio
98.4%
13. Dino BaggioSS Lazio
98.4%
13. Dino BaggioSS Lazio
98.4%
18. Pierluigi CasiraghiSS Lazio
98.4%
20. Giuseppe SignoriSS Lazio
98.4%
2. Luigi ApolloniParma
97.1%
3. Antonio BenarrivoParma
97.1%
7. Lorenzo MinottiParma
97.1%
8. Roberto MussiParma
97.1%
8. Roberto MussiParma
97.1%
13. Dino BaggioParma
97.1%
14. Nicola BertiParma
97.1%
21. Gianfranco ZolaParma
97.1%
22. Luca BucciParma
97.1%
Hint Answer % Correct
22. Luca BucciParma
97.1%
22. Luca BucciParma
97.1%
22. Luca BucciParma
97.1%
19. Daniele MassaroAS Roma
95.5%
10. Roberto BaggioFiorentina
93.1%
14. Nicola BertiFiorentina
93.1%
18. Pierluigi CasiraghiChelsea
93.1%
19. Daniele MassaroFiorentina
93.1%
21. Gianfranco ZolaNapoli
93.1%
21. Gianfranco ZolaChelsea
93.1%
22. Luca BucciNapoli
93.1%
1. Gianluca PagliucaSampdoria
92.7%
17. Alberigo EvaniSampdoria
92.7%
20. Giuseppe SignoriSampdoria
92.7%
1. Gianluca PagliucaBologna
86.1%
10. Roberto BaggioBologna
86.1%
20. Giuseppe SignoriBologna
86.1%
7. Lorenzo MinottiTorino
85.3%
8. Roberto MussiTorino
85.3%
12. Luca MarchegianiTorino
85.3%
13. Dino BaggioTorino
85.3%
22. Luca BucciTorino
85.3%
7. Lorenzo MinottiCagliari
81.6%
21. Gianfranco ZolaCagliari
81.6%
2. Luigi ApolloniHellas Verona
79.6%
11. Demetrio AlbertiniBarcelona
75.5%
10. Roberto BaggioBrescia
74.7%
12. Luca MarchegianiBrescia
74.7%
11. Demetrio AlbertiniAtalanta
73.1%
12. Luca MarchegianiChievo Verona
73.1%
16. Roberto DonadoniAtalanta
73.1%
11. Demetrio AlbertiniAtlético Madrid
62.4%
15. Antonio ConteLecce
62.4%
10. Roberto BaggioVicenza
54.7%
22. Luca BucciEmpoli
52.7%
22. Luca BucciPerugia
50.6%
14. Nicola BertiTottenham Hotspur
48.6%
1. Gianluca PagliucaAscoli
44.9%
Hint Answer % Correct
20. Giuseppe SignoriFoggia
44.9%
16. Roberto DonadoniNew York/New Jersey MetroStars
44.5%
2. Luigi ApolloniReggiana
42%
17. Alberigo EvaniReggiana
42%
22. Luca BucciReggiana
42%
13. Dino BaggioBlackburn Rovers
40.4%
20. Giuseppe SignoriPiacenza
39.6%
20. Giuseppe SignoriPiacenza
39.6%
3. Antonio BenarrivoPadova
35.9%
11. Demetrio AlbertiniPadova
35.9%
7. Lorenzo MinottiCesena
35.1%
4. Alessandro CostacurtaMonza
32.7%
18. Pierluigi CasiraghiMonza
32.7%
19. Daniele MassaroMonza
32.7%
13. Dino BaggioAncona
29.4%
14. Nicola BertiNorthern Spirit
25.7%
13. Dino BaggioTriestina
22.9%
7. Lorenzo MinottiTreviso
18.8%
20. Giuseppe SignoriAlbinoLeffe
17.1%
21. Gianfranco ZolaTorres
17.1%
22. Luca BucciRimini
16.3%
14. Nicola BertiAlavés
15.1%
2. Luigi ApolloniPistoiese
13.1%
21. Gianfranco ZolaNuorese
11.8%
22. Luca BucciPro Patria
11.8%
19. Daniele MassaroShimizu S-Pulse
10.6%
20. Giuseppe SignoriIraklis
10.6%
20. Giuseppe SignoriSopron
10.6%
20. Giuseppe SignoriTrento
8.6%
22. Luca BucciCasertana
8.2%
2. Luigi ApolloniLodigiani
7.8%
17. Alberigo EvaniCarrarese
7.8%
3. Antonio BenarrivoBrindisi
7.3%
8. Roberto MussiMassese
7.3%
16. Roberto DonadoniIttihad
6.9%
12. Luca MarchegianiJesina
6.5%

You're not logged in!

Compare scores with friends on all Sporcle quizzes.
OR
Log In

You Might Also Like...

Show Comments

Extras

Top Quizzes Today


Score Distribution

Your Account Isn't Verified!

In order to create a playlist on Sporcle, you need to verify the email address you used during registration. Go to your Sporcle Settings to finish the process.

Report this User

Report this user for behavior that violates our Community Guidelines.

Details: